000 00660nam a2200217Ii 4500
003 JO-AjNU
008 230606s9999||||xx |||||||||||||| ||und||
020 _a978-0-13-224076-5
040 _aJO-AjNU
_beng
_erda
_cJO-AjNU
041 _aeng
050 1 4 _aQA76.9.S88.H6197.2008
100 3 _aHoffer,Jeffrey/George,Joey,Valacich,Joseph,
_eauthor
_94230
245 0 0 _aModern Systems Analysis And design
250 _a3 ed
264 3 1 _aPRENTIC HALL PTR:NEW JERSEY,2013
300 _a602p
336 _atext
_btxt
_2rdacontent
337 _aunmediated
_bn
_2rdamedia
338 _avolume
_bnc
_2rdacarrier
650 4 _aSystem design. -System analysis.
_94231
999 _aE2200
_c2198
_d2198